Statistics for Capital City Names Fractured

Click here to take the quiz!

General Stats

  • This quiz has been taken 196 times
  • The average score is 14 of 20

Answer Stats

FracturedCapital City% Correct
Buddha pestBudapest
99%
Thai payTaipei
93%
Is llama abodeIslamabad
89%
Lisp bunLisbon
89%
Have HannahHavana
87%
Otter warOttawa
87%
Stalk homeStockholm
87%
Cat amen doKathmandu
77%
Mow God issueMogadishu
75%
Coupon neigh anCopenhagen
74%
Sandy agoSantiago
73%
Car tombKhartoum
70%
Loop plea AnnaLjubljana
54%
Pear of mare oboeParamaribo
54%
Bass at tearBasseterre
52%
PrayerPraia
52%
Sound toe maySão Tomé
52%
Meh sick o's teaMexico City
48%
Honey arrowHoniara
41%
Balm hot goBamako
38%

Score Distribution

Percentile by Number Answered

Percent of People with Each Score

Your Score History

You have not taken this quiz